000 01796nam a2200421 i 4500
003 CO-BoRNBP
005 20230403210038.0
007 ta
008 211019s2021 ck a|||br|||| 00| j mul d
020 _a9789586656849
040 _aCO-BoRNBP
_bspa
_erda
_cCO-BoRNBP
041 0 _asai
041 0 _aspa
043 _as-ck---
084 _aC PER40
100 1 _aPérez Dávila, María Luisa
_eautora
_9810
245 1 0 _aIssa abaksu zawa Nóngutse
_ccuento original e ilustraciones de Lulú Pérez ; versión Kawgian de José Joaquín Zalabata
246 3 1 _aLa hormiguita negra negrita
250 _aEdición especial
264 1 _aBogotá, Colombia
_aSanta Marta, Colombia
_bSiglo del Hombre Editores
_bFundación Sociocultural Mah-Luna
_bEditorial UniMagdalena
_c2021
300 _a[30] páginas sin numerar
_bilustraciones a color
_c22 cm
_e+ 1 CD
336 _atexto
_btxt
_2rdacontent
337 _asin mediación
_bn
_2rdamedia
338 _avolumen
_bnc
_2rdacarrier
490 0 _aPlan Nacional de Lectura y Escritura Leer es mi Cuento / Ministerio de Cultura
500 _aEl CD acompañante incluye narración en lengua indígena Kawgian
500 _aIncluye glosario y una pequeña guía de lectura y pronunciación de la lengua indígena
521 _aRecomendado para un público infantil mayor de 6 años
546 _aTexto en español y lengua indígena Kawgian
650 1 7 _aCuentos infantiles indígenas
_2LEMB
_9811
650 1 7 _aLiteratura infantil colombiana
_2LEMB
_934
650 1 7 _aAutores colombianos
_2LEMB
_932
650 1 7 _aLiteratura indígena colombiana
_2LEMB
_9812
650 1 7 _aAnimales
_vCuentos
_2LEMB
_9745
651 4 _aSierra Nevada de Santa Marta
_vCuentos y leyendas
_9813
700 1 _aZalabata, José Joaquín
_etraductor
_9814
942 _cBKLIT
999 _c9312
_d9312